Kombinatorické algoritmy

Guardado en:
Detalles Bibliográficos
Autor principal: Kučera, Luděk
Formato: Libro
Lenguaje:checo
Publicado: Praha Státní nakladatelství technické literatury 1989
Edición:2. nezměn. vyd.
Colección:Matematický seminář SNTL
Etiquetas: Agregar Etiqueta
Sin Etiquetas, Sea el primero en etiquetar este registro!

MARC

LEADER 00000nam a2200000 4500
001 c030957
005 20250526075150.2
041 0 |a cze 
044 |a CZ 
245 1 0 |a Kombinatorické algoritmy  |c Luděk Kučera 
250 |a 2. nezměn. vyd. 
264 1 |a Praha  |b Státní nakladatelství technické literatury  |c 1989 
300 |a 286 s. 
490 1 |a Matematický seminář SNTL 
830 0 |a Matematický seminář SNTL 
100 1 |a Kučera, Luděk